Á lódáil...

The presentation of self in everyday life

Sonraí Bibleagrafaíochta
Príomhúdar: Goffman, Erving
Formáid: Printed Book
Teanga:English
Foilsithe: England, Penguin books 1959
Ábhair:
LEADER 004820000a22001690004500
041 |a eng 
082 |a 326 J9 
100 |a Goffman, Erving 
245 |a The presentation of self in everyday life 
260 |a England, Penguin books 
260 |c 1959 
650 |a Behaviour 
650 |a Philosophy 
650 |a Psychology 
942 |c BK 
999 |c 137707  |d 137703 
952 |0 0  |1 0  |4 0  |6 326_000000000000000_J9  |7 0  |9 136489  |a SIRP  |b SIRP  |d 2017-10-05  |l 0  |o 326 J9  |p SIRP02629  |r 2017-10-05  |w 2017-10-05  |y BK